Ozzy Osbourne Trivia - Statistics

General Stats
  • This quiz has been taken 148 times
  • The average score is 13 of 22
Answer Stats
Question Answer % Correct
What was the name of the band Ozzy helped to form in 1968? Black Sabbath
92%
What year was Ozzy born? 1948
89%
Ozzy is well known as the person to bite off the head(s) of what animal? Bat/Dove
85%
Who was Ozzy's second wife and manager? Sharon Arden
81%
What is Ozzy's real first name? John
75%
What is the name of said band's most sold album? Paranoid
75%
What well-known English rock band inspired Ozzy to become a rock star? The Beatles
74%
What year was Ozzy's first solo album released? 1980 (UK), 1981 (US)
73%
Who were Ozzy's original bandmates in said band? Tony Iommi
71%
What was the name of Ozzy's first solo album? Blizzard of Ozz
68%
Who were Ozzy's original bandmates in said band? Geezer Butler
66%
What was the name of the 2000's MTV reality show that let viewers see the domestic life of Ozzy and his family? The Osbournes
66%
What is the name of the annual music festival that Ozzy's second wife founded which featured artists and bands of different genres of metal? Ozzfest
61%
Who were Ozzy's original bandmates in said band? Bill Ward
59%
Who was Ozzy's first main guitarist when he formed his solo band? Randy Rhoads
59%
Which U.S. president noted Ozzy's presence at the White House Correspondents' Association dinner with the line "Ozzy, Mom loves your stuff."? George W. Bush
47%
What song became Ozzy's first ever UK number one single after doing a duet with his daughter Kelly? Changes
40%
Who did Ozzy duet with on the 1988 song "Close My Eyes Forever"? Lita Ford
40%
What is the name of Ozzy's most recent solo album that was released in 2022? Patient Number 9
39%
Which U.S. state did Ozzy and his second wife get married at? Hawaii
26%
What city of England was Ozzy born and raised from? Birmingham
25%
What major award was Ozzy given in 2002 for his contributions in music and TV? Hollywood Star
8%
No matching quizzes found
Score Distribution
Percent of People with Each Score
Percentile by Number Answered
Your Score History
You have not taken this quiz